000 02180nam a2200313 a 4500
001 000028295
005 20260429123223.0
008 110407s2010 dr ad 000 0 spa d
020 _a9789993425977
040 _aDO-SdBNP
_bspa
_cBNPHU
082 _a302.14
_bG643o
100 1 _aGonzález Viñas, Roberto
_955287
245 1 4 _aLas organizaciones de la sociedad civil :
_bsu articulación y relación /
_cRoberto González.
260 _aSanto Domingo :
_bINTEC,
_a2010.
_fBúho
300 _a96 p. :
_bil., tablas ;
_c29 cm.
490 1 _aSociedad Civil ;
490 1 _aDocumentos de trabajo ;
_v17
504 _aBibliografía : p. 67-69.
505 0 _gPresentación --
_tLa Sociedad civil dominicana --
_tActualización del inventario de las instancias de articulación regional de las OSC --
_tValidación de las necesidades actuales de capacitación de las redes y articulaciones regionales de la sociedad civil --
_tValidación de las necesidades actuales de articulación regional de las OSC --
_tParticipación de las articulaciones regionales de OSC en instancias mixtas con el estado para la habilitación y acreditación --
_tParticipación de las articulaciones regionales de OSC en instancias mixtas con el estado para la formulación y seguimiento de las políticas sociales --
_tParticipación de las articulaciones regionales de OSC en instancias mixtas con el estado para el establecimiento de los Consejos Regionales de Desarrollo --
_tSugerencias al sistema de capacitación en sitio para los acuerdos y apoyos locales a la articulación --
_tPlan de acción para la consolidación de articulaciones de OSC regionales --
_gBibliografía --
_gAnexos.
590 _aInventariado, 2018/BT
650 4 _aSociedad civil
_zRepública Dominicana
_914011
650 4 _aParticipación social
_zRepública Dominicana
_910160
650 0 _aParticipación política
_9456
650 0 _aOrganizaciones no-gubernamentales
_955191
710 1 _aPrograma de Fortalecimiento de Organizaciones de la Sociedad Civil (República Dominicana)
_955192
830 0 _aSociedad Civil ;
_914016
830 0 _aDocumentos de trabajo ;
_n18
_955288
910 _aValidado. Control de calidad. EMS
999 _c27787
_d27787